Úsmev nad plačom v Slobodovej Dušičke

Bibliographic Details
Main Authors: Košťálová, Marcela, 1950- (Author), Sloboda, Rudolf, 1938-1995 (Author), Nvota, Juraj, 1954- (Author)
Format: Article
Language:Slovak
Subjects:

MARC

LEADER 00000nab a2200000 a 4500
001 vtls000568442
003 SK-MaSNL
005 20260303235331.0
008 150501c1995 xo 0 slo
015 |a SNBRB19rr/mm-uuuuu 
035 |a CL0568580 
040 |a SNKBUCL  |b slo  |c SNKBUCL  |e AACR2 
041 0 |a slo 
044 |a xo  |c SK 
080 |a 7.097(437.6):791.43(437.6)  |2 1981 
080 |a 791.43(437.6)  |2 1981 
100 1 |a Košťálová, Marcela,  |d 1950-  |4 aut  |9 209538 
245 1 0 |a Úsmev nad plačom v Slobodovej Dušičke  |c Marcela Košťálová 
500 |a Réžia Juraj Nvota, scenár Rudolf Sloboda 
610 2 7 |a Slovenská televízia  |2 snkbucl  |9 115516 
650 0 7 |a Dušička (film)  |2 snkbucl  |9 1273914 
655 7 |a články z novín a časopisov  |2 snkbucl  |9 267496 
700 1 |a Sloboda, Rudolf,  |d 1938-1995  |4 aut  |9 101482 
700 1 |a Nvota, Juraj,  |d 1954-  |4 aut  |9 112056 
773 0 |t Sme  |g Roč. 3 a 48, č. 242 (19. 10. 1995), s. 8 
850 |a Slovenská národná knižnica v Martine  |a MTA001 
852 |a SNK  |b KIS3GCP 
958 |a RK 
958 |a SK 
992 |a RBX 
999 |c 2525213  |d 2527143